[Event "Chigorin Memorial 20th"]
[Site "St Petersburg"]
[Date "2012.11.03"]
[Round "8"]
[White "Bratus, Petr P"]
[Black "Gerasimov, Ivan"]
[Result "0-1"]
[WhiteElo "2114"]
[BlackElo "2308"]
[PlyCount "148"]
[EventDate "2012.10.27"]
[EventType "swiss"]
[EventRounds "9"]
[EventCountry "RUS"]
[SourceTitle "EXT 2013"]
[Source "ChessBase"]
[SourceDate "2012.11.22"]
[SourceVersion "1"]
[SourceVersionDate "2012.11.22"]
[SourceQuality "1"]

1. d4 Nf6 2. c4 e6 3. Nf3 b6 4. g3 Bb7 5. Bg2 Be7 6. Nc3 0-0 7. 0-0 Ne4 8. Qc2 Nxc3 9. Qxc3 f5 10. Be3 Bf6 11. Qd2 Be4 12. Rac1 c6 13. Rfd1 h6 14. Ne1 Bxg2 15. Nxg2 g5 16. Qc2 Qe7 17. Rd3 Na6 18. a3 Nc7 19. Bd2 Bg7 20. Re1 Ne8 21. h4 Nd6 22. Bb4 a5 23. Bxd6 Qxd6 24. hxg5 hxg5 25. e4 fxe4 26. Rxe4 Rf5 27. Ne3 Rf7 28. c5 Qe7 29. cxb6 Rb8 30. d5 cxd5 31. Rxd5 Rxb6 32. b4 axb4 33. axb4 Qf6 34. Ra5 d5 35. Ra8+ Rf8 36. Rxf8+ Bxf8 37. Rg4 Rxb4 38. Rxb4 Bxb4 39. Ng4 Qg7 40. Qc8+ Kf7 41. Qc7+ Kg6 42. Ne5+ Kh6 43. Ng4+ Kh7 44. Qc2+ Qg6 45. Qc7+ Kg8 46. Qd8+ Bf8 47. Nf6+ Kf7 48. Ng4 Bg7 49. Qc7+ Kg8 50. Qb8+ Kh7 51. Qb7 Qf5 52. Ne3 Qe4 53. Qf7 Qg6 54. Qb7 d4 55. Qh1+ Kg8 56. Qa8+ Kf7 57. Qb7+ Kf8 58. Nc4 Kg8 59. Qa8+ Kh7 60. Qh1+ Kg8 61. Qa8+ Bf8 62. Ne5 Qf5 63. Nd7 d3 64. Qd8 d2 65. Nxf8 Qb1+ 66. Kg2 d1Q 67. Nd7+ Kh7 68. Nf8+ Kg7 69. Nxe6+ Kg6 70. Qg8+ Kf6 71. Qxg5+ Kxe6 72. Qg8+ Kd7 73. Qf7+ Kc8 74. Qe8+ Kc7 0-1

[Event "Chigorin Memorial 20th"]
[Site "St Petersburg"]
[Date "2012.11.02"]
[Round "7"]
[White "Gerasimov, Ivan"]
[Black "Kostrikina, Anna"]
[Result "1/2-1/2"]
[WhiteElo "2308"]
[BlackElo "2138"]
[PlyCount "114"]
[EventDate "2012.10.27"]
[EventType "swiss"]
[EventRounds "9"]
[EventCountry "RUS"]
[SourceTitle "EXT 2013"]
[Source "ChessBase"]
[SourceDate "2012.11.22"]
[SourceVersion "1"]
[SourceVersionDate "2012.11.22"]
[SourceQuality "1"]

1. e4 c5 2. b3 d6 3. Bb5+ Bd7 4. Bxd7+ Nxd7 5. Bb2 Ngf6 6. d3 e6 7. f4 Be7 8. Nf3 0-0 9. 0-0 Qc7 10. Nbd2 b5 11. Kh1 Nb6 12. c4 bxc4 13. dxc4 d5 14. cxd5 exd5 15. e5 Ng4 16. Qe2 d4 17. Ne4 Qd7 18. e6 fxe6 19. Nxd4 Nxh2 20. Nxe6 Qxe6 21. Kxh2 Rae8 22. g3 c4 23. Qf3 Bb4 24. Ng5 Qe2+ 25. Rf2 Qxf3 26. Nxf3 c3 27. Bc1 Re7 28. a3 Bc5 29. Rc2 Nd5 30. b4 Bb6 31. Raa2 Rfe8 32. Kg2 Ne3+ 33. Bxe3 Rxe3 34. Ne5 Rc8 35. Ra1 Re8 36. Rd1 Bc7 37. Kf2 Bb6 38. Kg2 Bc7 39. Nc4 Re2+ 40. Rxe2 Rxe2+ 41. Kf3 Ra2 42. Rc1 c2 43. g4 g5 44. fxg5 Kg7 45. Ke4 Kg6 46. Ne3 Kxg5 47. Rxc2 Rxc2 48. Nxc2 Kxg4 49. Ne3+ Kg5 50. Kf3 Bb6 51. Nc4 Kf5 52. a4 Ke6 53. a5 Bc7 54. b5 Kd5 55. b6 axb6 56. Nxb6+ Bxb6 57. axb6 Kc6 1/2-1/2

[Event "Nezhmetdinov Memorial 34th"]
[Site "Kazan"]
[Date "2012.10.03"]
[Round "8.11"]
[White "Gerasimov, Ivan"]
[Black "Sharafiev, Azat"]
[Result "0-1"]
[WhiteElo "2330"]
[BlackElo "2414"]
[PlyCount "132"]
[EventDate "2012.09.25"]
[EventType "swiss"]
[EventRounds "9"]
[EventCountry "RUS"]
[SourceTitle "EXT 2022"]
[Source "ChessBase"]
[SourceDate "2021.10.06"]
[SourceVersion "1"]
[SourceVersionDate "2021.10.06"]
[SourceQuality "1"]

1. e4 c5 2. Nf3 d6 3. d4 cxd4 4. Nxd4 Nf6 5. Nc3 a6 6. Be2 Nbd7 7. 0-0 g6 8. Kh1 Bg7 9. Bg5 Nc5 10. f3 0-0 11. Qd2 Re8 12. a4 Bd7 13. a5 Rc8 14. Ra3 Ne6 15. Nxe6 Bxe6 16. Nd5 Nd7 17. c4 Ne5 18. Nb6 Nxc4 19. Bxc4 Rxc4 20. Nxc4 Bxc4 21. Rc1 Bb5 22. Bh6 Bh8 23. f4 Bc6 24. Re1 Qc8 25. f5 Be5 26. Rf3 f6 27. fxg6 hxg6 28. Bf4 Bxf4 29. Qxf4 g5 30. Rg3 Kg7 31. h4 Rh8 32. e5 Kf8 33. Rxg5 dxe5 34. Rexe5 Qh3+ 35. Kg1 Qxh4 36. Qxh4 Rxh4 37. Rh5 Rg4 38. Re2 Bf3 39. Rf2 Rxg2+ 40. Rxg2 Bxh5 41. Rg3 Be8 42. Kf2 e5 43. Rh3 Kg7 44. Rb3 Bb5 45. Rc3 Bc6 46. b4 Kg6 47. Rd3 Kf7 48. Rd8 Ke7 49. Rh8 Ke6 50. Rh6 Kf5 51. Rh7 Ke4 52. Rc7 Bd5 53. b5 axb5 54. Rc5 b4 55. Rb5 b3 56. Rb6 f5 57. Ke2 Kd4 58. Kd2 e4 59. Rb4+ Ke5 60. Ke3 f4+ 61. Kd2 Kd6 62. Rb6+ Kc5 63. Rf6 e3+ 64. Kc3 f3 65. Kd3 b2 66. Rb6 f2 0-1

[Event "Nezhmetdinov Memorial 34th"]
[Site "Kazan"]
[Date "2012.10.01"]
[Round "6.12"]
[White "Gerasimov, Ivan"]
[Black "Timofeev, Artyom"]
[Result "1/2-1/2"]
[WhiteElo "2330"]
[BlackElo "2640"]
[PlyCount "117"]
[EventDate "2012.09.25"]
[EventType "swiss"]
[EventRounds "9"]
[EventCountry "RUS"]
[SourceTitle "EXT 2022"]
[Source "ChessBase"]
[SourceDate "2021.10.06"]
[SourceVersion "1"]
[SourceVersionDate "2021.10.06"]
[SourceQuality "1"]

1. e4 c5 2. Nf3 d6 3. Bb5+ Nc6 4. Bxc6+ bxc6 5. 0-0 Bg4 6. h3 Bh5 7. e5 dxe5 8. Nc3 e6 9. g4 Bg6 10. Nxe5 Bd6 11. Nxg6 hxg6 12. Qf3 Ne7 13. d3 Nd5 14. Ne4 0-0 15. g5 Ne7 16. Be3 Nf5 17. Qg4 c4 18. dxc4 Nxe3 19. fxe3 Be5 20. c3 Qb6 21. Qe2 c5 22. Rad1 Rad8 23. h4 Qc6 24. Qf3 Qc7 25. Qg4 a5 26. Qg2 Qb6 27. Qe2 a4 28. Qg2 Qa5 29. Qc2 a3 30. b3 Bb8 31. Rxd8 Qxd8 32. Rd1 Qc7 33. Rd6 Rd8 34. Rxd8+ Qxd8 35. Kf1 Qe7 36. Qg2 Be5 37. Ke2 Kh7 38. Kd2 f5 39. gxf6 gxf6 40. Kc2 Kg7 41. Nf2 f5 42. Nd3 Bd6 43. Qg5 Qxg5 44. hxg5 e5 45. e4 Kf7 46. Kd2 Ke6 47. Ke3 Be7 48. Kf3 Kd6 49. b4 cxb4 50. cxb4 Bxg5 51. b5 Be7 52. c5+ Kc7 53. exf5 gxf5 54. Nxe5 Bxc5 55. Nc4 Kd7 56. Kf4 Ke6 57. b6 Kd7 58. Kxf5 Kc6 59. Nxa3 1/2-1/2

[Event "Nezhmetdinov Memorial 34th"]
[Site "Kazan"]
[Date "2012.09.29"]
[Round "4"]
[White "Savchenko, Boris"]
[Black "Gerasimov, Ivan"]
[Result "1-0"]
[WhiteElo "2523"]
[BlackElo "2330"]
[PlyCount "61"]
[EventDate "2012.09.25"]
[EventType "swiss"]
[EventRounds "9"]
[EventCountry "RUS"]
[SourceTitle "CBM 150 Extra"]
[Source "ChessBase"]
[SourceDate "2012.10.19"]
[SourceVersion "1"]
[SourceVersionDate "2012.10.19"]
[SourceQuality "1"]

1. e4 c5 2. Nf3 d6 3. d4 cxd4 4. Nxd4 Nf6 5. Nc3 a6 6. Bg5 e6 7. f4 Nbd7 8. Qf3 Be7 9. 0-0-0 Qc7 10. g4 h6 11. Bxf6 gxf6 12. h4 Nb6 13. g5 hxg5 14. hxg5 Rxh1 15. Qxh1 fxg5 16. Qh8+ Bf8 17. f5 Bd7 18. Qg8 e5 19. Ne6 fxe6 20. Qg6+ Kd8 21. Qf6+ Be7 22. Qh8+ Be8 23. f6 Nd7 24. f7 Nf8 25. fxe8R+ Kxe8 26. Bh3 Rc8 27. Bxe6 Rb8 28. Nd5 Qc5 29. Qh5+ Kd8 30. Qf7 Nxe6 31. Qxe7+ 1-0